Normal view
MARC view
Entry Nombre personal
001 - NÚMERO DE CONTROL
- campo de control: 8396
003 - IDENTIFICADOR DEL NÚMERO DE CONTROL
- campo de control: BNPHU
005 - FECHA Y HORA DE LA ÚLTIMA TRANSACCIÓN
- campo de control: 20250128193628.0
008 - DATOS DE LONGITUD FIJA
- campo de control de longitud fija: 200615|| aca||aabn | a|a d
010 ## - NÚMERO DE CONTROL DE LA BIBLIOTECA DEL CONGRESO
- Número de control de LC: n 91092557
040 ## - FUENTE DE LA CATALOGACIÓN
- Centro catalogador/agencia de origen: DO-SdBNP
- Lengua de catalogación: spa
- Centro/agencia transcriptor: BNPHU
- Normas de descripción: spa
046 ## - FECHAS CON CODIFICACIÓN ESPECIAL
- Fecha de nacimiento: 1941-
100 1# - ENCABEZAMIENTO-NOMBRE DE PERSONA
- Nombre de persona: Espinal Hernández, Edwin,
- Fechas asociadas al nombre: 1971-
370 ## - LUGAR ASOCIADO
- Lugar de nacimiento: Santiago de los Caballeros (República Dominicana)
374 ## - OCUPACIÓN
- Ocupación: Genealogistas |
400 1# - TRAZADO DE VÉASE--NOMBRE DE PERSONA
- Nombre de persona: Hernández, Edwin Espinal
670 ## - FUENTE DE DATOS ENCONTRADOS
- Cita de la fuente: Work cat.: (OSt)2497: Espinal Hernández, Edwin, 1971-, Legislación sobre propiedad intelectual :, 2009.
670 ## - FUENTE DE DATOS ENCONTRADOS
- Cita de la fuente: Nosotros, 1990:
- Información encontrada: portada (Edwin Espinal Hernández; investigador del Instituto Dominicano de Genealogía)
670 ## - FUENTE DE DATOS ENCONTRADOS
- Cita de la fuente: Manuel de Jesús Tavares Portes, 2006
- Información encontrada: portada (Edwin Espinal Hernández) solapa frontal (Edwin Espinal Hernández, nacido en Santiago en 1971 es genealogista)
